KPOP MYSTERY LOGIC QUIZ (easy) Stats

 Plays Quiz not verified by Sporcle

Also try: Famous 'Ha' People
Challenge
Share
Tweet
Score 0/16 Timer 15:00
5 Plays Today
Idol Clue % Correct
JB



???
100%
Suho



???
55.9%
Leeteuk



???
50.3%
Taeyong



???
43.6%
Yesung



???
38.5%
Taemin



???
35.5%
Eunhyuk



???
33.4%
Kai



???
32.5%
Idol Clue % Correct
Jackson



???
28.5%
Jooheon



???
24.7%
Bobby



???
23.7%
Minho



???
22.6%
Wonho



???
22.2%
Ten



???
20.6%
Hyungwon



???
19.6%
Minhyuk



???
17.1%

You're not logged in!

Compare scores with friends on all Sporcle quizzes.
Join for Free
OR
Log In

You Might Also Like...

Show Comments

Extras

Top Quizzes Today


Score Distribution

Your Account Isn't Verified!

In order to create a playlist on Sporcle, you need to verify the email address you used during registration. Go to your Sporcle Settings to finish the process.

Report this User

Report this user for behavior that violates our Community Guidelines.

Details: